
Library Catalogue

| 000 -LEADER | |
|---|---|
| fixed length control field | 01261nam a2200217Ia 4500 |
| 003 - CONTROL NUMBER IDENTIFIER | |
| control field | OSt |
| 005 - DATE AND TIME OF LATEST TRANSACTION | |
| control field | 20220407125301.0 |
| 008 - FIXED-LENGTH DATA ELEMENTS--GENERAL INFORMATION | |
| fixed length control field | 160316s1995 xxu||||| |||| 00| 0 eng d |
| 020 ## - INTERNATIONAL STANDARD BOOK NUMBER | |
| International Standard Book Number | 9780791424124 |
| 040 ## - CATALOGING SOURCE | |
| Transcribing agency | n |
| 082 ## - DEWEY DECIMAL CLASSIFICATION NUMBER | |
| Classification number | 291.172000 |
| Item number | LAR |
| 100 ## - MAIN ENTRY--PERSONAL NAME | |
| Personal name | Larson Gerald James |
| 245 ## - TITLE STATEMENT | |
| Title | Indias agony over religion |
| 260 ## - PUBLICATION, DISTRIBUTION, ETC. | |
| Place of publication, distribution, etc. | New York |
| Name of publisher, distributor, etc. | State University Of New York Press |
| Date of publication, distribution, etc. | 1995 |
| 300 ## - PHYSICAL DESCRIPTION | |
| Extent | 393p |
| 365 ## - TRADE PRICE | |
| Price amount | Gratis |
| 505 ## - FORMATTED CONTENTS NOTE | |
| Formatted contents note | Synopsis: <br/>Presents the contemporary religious crisis in India, providing historical perspective and focusing on the crises in Punjab, Kashmir, and Ayodhya.<br/><br/>Many of ancient India's religious traditions are alive in modern India, and many of these religious traditions are in conflict with one another regarding the future of India. Even the so-called "secular state" is deeply pervaded by religious sentiments growing out of the Neo-Hindu nationalist movement of Gandhi and Nehru. A careful analysis of the current religious scene when placed in its proper long-term historical perspective raises interesting questions about the nature and future of religion not only in India but elsewhere as well. |
| 650 ## - SUBJECT ADDED ENTRY--TOPICAL TERM | |
| Topical term or geographic name entry element | 1. Religion - Civil Religion - India2. Religion & State |
| 700 ## - ADDED ENTRY--PERSONAL NAME | |
| Personal name | |
| -- | |
| 942 ## - ADDED ENTRY ELEMENTS (KOHA) | |
| Source of classification or shelving scheme | Dewey Decimal Classification |
| Koha item type | BOOKs |
| Withdrawn status | Lost status | Damaged status | Not for loan | Home library | Current library | Shelving location | Date acquired | Total Checkouts | Full call number | Barcode | Date last seen | Price effective from | Koha item type |
|---|---|---|---|---|---|---|---|---|---|---|---|---|---|
| . | . | Library Compactors | 30.05.2017 | 291.172 LAR | 32677 | 30.05.2017 | 30.05.2017 | BOOKs |